|
|
|
|
| LEADER |
01582nam a2200313 a 4500 |
| 001 |
0020899 |
| 003 |
BD-DhAAL |
| 008 |
100927s1961 bg w 000 0 eng d |
| 040 |
|
|
|a BD-DhAAL
|c BD-DhAAL
|
| 082 |
0 |
0 |
|a 348.5492046
|2 22
|
| 130 |
0 |
|
|a DLR
|9 4042
|
| 245 |
0 |
4 |
|a The Dhaka law reports.
|n Volume XIII /
|c Obaidul Huq Chowdhury, editor.
|
| 246 |
1 |
7 |
|a The Dhaka Law Reports.
|
| 260 |
|
|
|a Dacca [Bangladesh] :
|b Dacca Law Reports,
|c 1961.
|
| 300 |
|
|
|a vii, 352, 925, 68 p. :
|c 25 cm
|
| 362 |
0 |
|
|a Vol. 13 (1961)
|
| 500 |
|
|
|a "A journal of law reports."
|
| 500 |
|
|
|a Latest issue consulted: Vol. XIII, January to December,1961
|
| 526 |
|
|
|a SOL
|x Saira Rahman Khan,
Associate Professor
School of Law
BRAC University
|
| 541 |
|
|
|e 0020899, 0022291
|a Anupam Gyan Bhandar
|
| 590 |
|
|
|a Published yearly.
|
| 650 |
|
0 |
|a Law reports, digests, etc.
|z Bangladesh.
|9 4043
|
| 650 |
|
0 |
|a Law reports, digests, etc.
|z India
|z Bengal.
|9 4044
|
| 700 |
1 |
|
|a Chowdhury, Obaidul Haque.
|9 1137
|
| 852 |
4 |
|
|a Ayesha Abed Library
|
| 942 |
|
|
|2 ddc
|c 1HOUR
|
| 999 |
|
|
|c 10656
|d 10656
|
| 952 |
|
|
|0 0
|1 0
|2 ddc
|4 0
|6 348_549204600000000_DHA
|7 0
|8 REF
|9 16023
|a BRACUL
|b BRACUL
|c REF
|d 2011-04-07
|l 7
|o 348.5492046 DHA
|p 3010022291
|r 2017-02-10
|s 2017-02-10
|t 2
|w 2011-04-07
|y 1HOUR
|
| 952 |
|
|
|0 0
|1 0
|2 ddc
|4 0
|6 348_549204600000000_DHA
|7 0
|8 REF
|9 24010
|a BRACUL
|b BRACUL
|c REF
|d 2014-03-23
|e Anupam Gyan Bhandar
|l 0
|o 348.5492046 DHA
|p 3010020899
|r 2016-02-15
|t 1
|w 2014-03-23
|y 1HOUR
|x Koha Inventory 2020 ; Previously missing book recovered on 14 October 2025 ; Requisitioned by Saira Rahman Khan, Associate Professor, School of Law, BRAC University.
|